000 00762nam a2200253 u 4500
005 20251105063901.0
008 160308s1988 r 000 0 eng d
020 _a843091174X
035 _aUPN01000208851
040 _aUPN
_bspa
_cUPN
049 _aCG
050 4 _aBF165
_bB8.6 1988
100 1 _aBunge, Mario,
_d1919-2020
_930285
245 1 3 _aEl problema mente-cerebro :
_bun enfoque psicobiológico /
_cMario Bunge ; tr. Benito García Noriega.
250 _a2a ed.
260 _aMadrid :
_bTecnos,
_c1988.
300 _a261 p.
534 _pTítulo original:
_tThe mind-body problem : a psychobiological approach
650 2 _aMente y cuerpo
_98110
650 4 _aPsicología
_938
905 _aLibro
942 _2lcc
_cLIBRO
999 _c180952
_d180952